Singapore in the international economy : Symposium papers
Đã lưu trong:
| 主要作者: | |
|---|---|
| 格式: | 圖書 |
| 語言: | Undetermined |
| 出版: |
Singapore
Singapore University Press for the Economic Society of Singapore
1972
|
| 主題: | |
| 標簽: |
添加標簽
沒有標簽, 成為第一個標記此記錄!
|
| Thư viện lưu trữ: | Trung tâm Học liệu Trường Đại học Cần Thơ |
|---|
| LEADER | 00615nam a2200205Ia 4500 | ||
|---|---|---|---|
| 001 | CTU_90917 | ||
| 008 | 210402s9999 xx 000 0 und d | ||
| 082 | |a 382.09595 | ||
| 082 | |b P747 | ||
| 100 | |a Wong, Kum Poh | ||
| 245 | 0 | |a Singapore in the international economy : | |
| 245 | 0 | |b Symposium papers | |
| 245 | 0 | |c Wong Kum Poh, Maureen Tan | |
| 260 | |a Singapore | ||
| 260 | |b Singapore University Press for the Economic Society of Singapore | ||
| 260 | |c 1972 | ||
| 650 | |a Singapore | ||
| 650 | |x Foreign economic relations | ||
| 904 | |i Nguyên | ||
| 980 | |a Trung tâm Học liệu Trường Đại học Cần Thơ | ||